LDR 00737naa#a2200181#i#450# 001 EN\\bibl\121550 005 20260516144255.6 011 ## _a2414-3995 100 ## _a20251022b2025####ek#y0engy0150####ca 102 ## _aRU 200 1# _aIMPROVING THE MECHANISM FOR COUNTERING ECONOMIC CRIMES IN THE SPHERE OF THE SHADOW ECONOMY OF RUSSIA _eJournal article 210 1# _aMoscow _cMoscow University of the Ministry of Internal Affairs of Russia named after V.Ya. Kikot _d2025 215 ## _a5 с. 608 ## _aJournal article _2local 675 ## _aЭкономика. Народное хозяйство. Экономические науки. 33 _z 700 #1 _aKupreschenko _gNikolay Pimanovich 700 #1 _aElizarova _gVera Vasil'evna 856 4# _amosumvd.editorum.ru _u